Sports Quiz

Random Sports or World Cup Quiz

A Decade of Soccer (1990s) Quiz Stats

 Plays Quiz Updated Mar 23, 2020

     
Support Sporcle.
Go Orange.
Score 0/107 Timer 12:00
0 Plays Today
Answer % Correct
None
99.3%
Manchester United
95.7%
Manchester United
95.7%
Manchester United
95.7%
Manchester United
95.7%
Manchester United
95.7%
Manchester United
95.7%
Real Madrid
94.1%
Real Madrid
94.1%
Real Madrid
94.1%
Barcelona
93.9%
Barcelona
93.9%
Barcelona
93.9%
Barcelona
93.9%
Barcelona
93.9%
Barcelona
93.9%
Barcelona
93.9%
Arsenal
92.8%
Arsenal
92.8%
Milan
91.3%
Milan
91.2%
Milan
91.2%
Milan
91.2%
Milan
91.2%
Milan
91.2%
Milan
91.2%
Real Madrid
91.1%
Liverpool
90.8%
Bayern Munich
90.5%
Bayern Munich
90.5%
Bayern Munich
90.5%
Bayern Munich
90.5%
Bayern Munich
90.5%
Juventus
89.5%
Juventus
89.5%
Juventus
89.5%
Answer % Correct
Juventus
89.5%
Juventus
89.5%
Internazionale
86.5%
Internazionale
86.5%
Internazionale
86.5%
Brazil
85.5%
Brazil
85.5%
Brazil
85.5%
Borussia Dortmund
83.5%
Borussia Dortmund
83.5%
Borussia Dortmund
83.5%
Paris Saint-Germain
81.4%
Marseille
78.7%
Marseille
78.7%
Marseille
78.7%
France
77.1%
Marseille
76.9%
Chelsea
76.1%
Ronaldo
75.4%
Germany
75.4%
Argentina
75.2%
Argentina
75.2%
Blackburn Rovers
74.8%
West Germany
72.1%
Leeds United
65.9%
Alan Shearer
65.7%
Egypt
65.3%
Nigeria
65%
Zinedine Zidane
64.1%
Ajax
60.7%
Ajax
60.7%
Monaco
59.5%
Japan
59%
SSC Napoli
56.7%
Atlético Madrid
56.4%
Uruguay
50.4%
Answer % Correct
Denmark
49.2%
Everton
46.9%
Ivory Coast
46.5%
South Africa
46.1%
Schalke 04
44.5%
Bordeaux
42.2%
Rivaldo
41.5%
Algeria
40.1%
Nantes
39.3%
Parma
39%
Parma
39%
Roberto Baggio
38.4%
Sampdoria
37.8%
Werder Bremen
34.8%
George Weah
33.5%
Stuttgart
33.3%
Red Star Belgrade
33.2%
Stoichkov/Salenko
31.3%
Teddy Sheringham
29.9%
Marco Van Basten
29.5%
Lothar Matthäus
28.8%
Hristo Stoichkov
27.7%
Kaiserslautern
25.6%
Kaiserslautern
25.6%
Saudi Arabia
24.7%
Auxerre
24.5%
Lens
22.2%
Jean-Pierre Papin
18.9%
Alan Smith
18%
Matthias Sammer
17.2%
Alan Smith
13.3%
David Ginola
13%
David Platt
10.1%
David Platt
7.3%
Paul McGrath
6%

From the Vault

NBA HS 1st Rounders

by Ben

Sports 5m
When you draft a high school player, you might get a perennial All Star....and sometimes not so much.
Remove Ads.
Support Sporcle.
Get the best of Sporcle when you Go Orange. This ad-free experience offers more features, more stats, and more fun while also helping to support Sporcle. Thank you for becoming a member.

Show Comments

Extras

Top Quizzes Today


Score Distribution

Your Account Isn't Verified!

In order to create a playlist on Sporcle, you need to verify the email address you used during registration. Go to your Sporcle Settings to finish the process.

Report this User

Report this user for behavior that violates our Community Guidelines.

Details: